Bibliografía de Carmen Bravo-Villasante / (Record no. 10096)

MARC details
000 -LEADER
campo de control de longitud fija 00662nam a2200205 i 4500
001 - NÚMERO DE CONTROL
campo de control 10096
003 - IDENTIFICADOR DE NÚMERO DE CONTROL
campo de control ES-MaACL
005 - FECHA Y HORA DE LA ÚLTIMA TRANSACCIÓN
campo de control 20230906145822.0
007 - CAMPO FIJO DE DESCRIPCIÓN FÍSICA--INFORMACIÓN GENERAL
campo de control de longitud fija t|
008 - DATOS DE LONGITUD FIJA--INFORMACIÓN GENERAL
campo de control de longitud fija 950209s1991 sp ||||1| spa d
080 ## - NÚMERO DE LA CLASIFICACIÓN DECIMAL UNIVERSAL
Número de la Clasificación Decimal Universal 86(Bravo-Villasante,C.):016
080 ## - NÚMERO DE LA CLASIFICACIÓN DECIMAL UNIVERSAL
Número de la Clasificación Decimal Universal 016:92 Bravo-Villasante,Carmen
100 1# - ENTRADA PRINCIPAL--NOMBRE DE PERSONA
Nombre de persona Ramírez Ovelar, Juan Antonio.
9 (RLIN) 95164
245 10 - MENCIÓN DEL TÍTULO
Título Bibliografía de Carmen Bravo-Villasante /
Mención de responsabilidad, etc. Juan Antonio Ramírez Ovelar.
260 ## - PUBLICACIÓN, DISTRIBUCIÓN, ETC.
Lugar de publicación, distribución, etc. Madrid :
Nombre del editor, distribuidor, etc. [s.n.],
Fecha de publicación, distribución, etc. 1991.
300 ## - DESCRIPCIÓN FÍSICA
Extensión 103 p. ;
Dimensiones 20 cm.
600 04 - PUNTO DE ACCESO ADICIONAL DE MATERIA--NOMBRE DE PERSONA
Nombre de persona Bravo-Villasante, Carmen,
Fechas asociadas al nombre 1918-1994-
Subdivisión de forma Bibliografías
9 (RLIN) 31508
852 ## - LOCALIZACIÓN
Ubicación ES-MaACL
Número de control de estantería L-17588
Sublocalización o colección R.121244
Holdings
Estatus retirado Estado de pérdida Estado de daño No para préstamo Biblioteca de origen Biblioteca actual Ubicación en estantería Fecha de adquisición Fuente de adquisición Total de préstamos Signatura topográfica completa Código de barras Visto por última vez Precio de reemplazo Tipo de ítem Koha
        Biblioteca del Ateneo de Madrid Biblioteca del Ateneo de Madrid Depósito 2 17/01/2008     L-17588 1010304 23/02/2023 23/02/2023 Libro impreso